| 000 | 00476nam a2200169 i 4500 | ||
|---|---|---|---|
| 001 | 43884 | ||
| 003 | ES-MaACL | ||
| 005 | 20251011063102.0 | ||
| 007 | t| | ||
| 008 | 030320s1858 sp ||||1| spa d | ||
| 100 | 1 |
_aCavanilles, Antonio, _d1805-1864 _937164 |
|
| 245 | 1 | 0 |
_aLequeitio en 1857 / _cAntonio Cavanilles. |
| 260 |
_aMadrid : _b[s.n., _c1858] ( _fJ. MartÃn Alegria) |
||
| 300 |
_a52 p. ; _c19 cm. |
||
| 852 |
_aES-MaACL _jG-12303 |
||
| 999 |
_c43884 _d43884 |
||